00557 2200217 4500001002100000005001500021035002000036007000300056008004100059020001500100082001100115084001700126100002100143245005500164250001000219260003800229300003300267600001700300990001000317990001200327INLIS00000000000670120210301020213 a0010-0321000071ta210301 g 0 ind  a9790021739 a582.12 a582.12 FAU t0 aFauziah Muhlisah1 aTanaman Obat Keluarga ( Toga ) /cFauziah Muhlisah aCet.6 aJakarta :bPenebar Swadaya,c2012 aiv, 84 hlm :b.ilus ;c23 cm 4aTANAMAN OBAT a14492 a14492 A